000
00321nam a2200133Ia 4500
008
230917s9999||||xx |||||||||||||| ||und||
040
_e
205309
_a
MAIN
041
_a
English
082
_a
823.09 M471H
100
_a
Meenakshi Kumari
245
0
_a
Humanism in Rohinton Mistry's fiction
300
_a
167 p.
942
_c
TH
999
_c
125789
_d
125789